000 00376nam a2200145Ia 4500
005 20250729165743.0
008 250729s2014 xx 000 0 und d
041 _akan
082 _a001.51 SRIK
100 _aDr.A.Srinivasan
_9232151
245 _aComputer shikshana
260 _aMysore
_bAnuradha Prakashana
_c2014
300 _a158p
650 _aComputer Education
_9232152
999 _c239639
_d239639